[Event "Duesseldorf Nord Cup 8th GrF"]
[Site "Duesseldorf"]
[Date "2008.08.03"]
[Round "5"]
[White "Bluemer, Timo"]
[Black "Mundorf, Johannes"]
[Result "0-1"]
[WhiteElo "1820"]
[BlackElo "1797"]
[PlyCount "88"]
[EventDate "2008.08.01"]
[EventType "tourn"]
[EventRounds "5"]
[EventCountry "GER"]
[SourceTitle "EXT 2017"]
[Source "ChessBase"]
[SourceDate "2016.10.25"]
[SourceVersion "1"]
[SourceVersionDate "2016.10.25"]
[SourceQuality "1"]

1. e4 e6 2. d4 d5 3. Nc3 dxe4 4. Nxe4 Nd7 5. Nf3 Ngf6 6. Nxf6+ Nxf6 7. Bd3 c5 8. dxc5 Bxc5 9. Qe2 0-0 10. 0-0 b6 11. Bg5 Bb7 12. Rfd1 Qc7 13. Ba6 Bxa6 14. Qxa6 Kh8 15. Qa4 Rad8 16. c3 Rd5 17. Bf4 Qb7 18. Rxd5 Nxd5 19. Bg3 f6 20. Rd1 b5 21. Qe4 Qa6 22. h3 Qxa2 23. Qxe6 Nxc3 24. Qxa2 Nxa2 25. Rd5 Rc8 26. Nd2 Nb4 27. Rd7 h6 28. Ne4 a6 29. Nxc5 Rxc5 30. Bd6 Rc1+ 31. Kh2 Rd1 32. Kg3 Nd3 33. Bf8 Nxb2 34. Bxg7+ Kg8 35. Rxd1 Nxd1 36. Bxf6 b4 37. Kf3 b3 38. Ke2 b2 39. Bxb2 Nxb2 40. h4 Kf7 41. g4 Nc4 42. f4 Nb6 43. h5 Nd5 44. Kf3 Nxf4 0-1

[Event "Duesseldorf Nord Cup 8th GrF"]
[Site "Duesseldorf"]
[Date "2008.08.02"]
[Round "2"]
[White "Steinhoefel, Heinz"]
[Black "Bluemer, Timo"]
[Result "1/2-1/2"]
[WhiteElo "1823"]
[BlackElo "1820"]
[PlyCount "61"]
[EventDate "2008.08.01"]
[EventType "tourn"]
[EventRounds "5"]
[EventCountry "GER"]
[SourceTitle "EXT 2017"]
[Source "ChessBase"]
[SourceDate "2016.10.25"]
[SourceVersion "1"]
[SourceVersionDate "2016.10.25"]
[SourceQuality "1"]

1. e4 e5 2. Nf3 Nc6 3. Bb5 a6 4. Ba4 Nf6 5. 0-0 Be7 6. d3 b5 7. Bb3 d6 8. h3 0-0 9. c3 Na5 10. Bc2 c5 11. d4 cxd4 12. cxd4 Qc7 13. b3 Bb7 14. Re1 Rac8 15. Bd3 Nxe4 16. Bb2 Ng5 17. Nxg5 Bxg5 18. dxe5 dxe5 19. Qh5 e4 20. Bxg7 Kxg7 21. Qxg5+ Kh8 22. Qf6+ Kg8 23. Re3 exd3 24. Nd2 h6 25. Rg3+ Qxg3 26. fxg3 Rc2 27. Qxh6 Re8 28. Qg5+ Kf8 29. Rf1 Re2 30. Rf2 Rcxd2 31. Qd8+ 1/2-1/2

[Event "Rheinhausen-ch 11th"]
[Site "Duisburg Rheinhausen"]
[Date "2007.01.26"]
[Round "2"]
[White "Bluemer, Timo"]
[Black "Heinert, Eugen"]
[Result "0-1"]
[WhiteElo "1755"]
[BlackElo "2049"]
[PlyCount "131"]
[EventDate "2007.01.12"]
[EventType "swiss"]
[EventRounds "7"]
[EventCountry "GER"]
[SourceTitle "EXT 2018"]
[Source "ChessBase"]
[SourceDate "2017.10.13"]
[SourceVersion "1"]
[SourceVersionDate "2017.10.13"]
[SourceQuality "1"]

1. e4 e6 2. d4 d5 3. Nc3 Bb4 4. e5 Ne7 5. Nf3 b6 6. Bd2 Ba6 7. Bxa6 Nxa6 8. Ne2 Bxd2+ 9. Qxd2 c5 10. c3 Rc8 11. 0-0 0-0 12. Rac1 Qd7 13. Ng3 Rc7 14. Qg5 Rfc8 15. Nh5 Ng6 16. h4 Qd8 17. Nf6+ gxf6 18. exf6 h6 19. Qg3 Qxf6 20. h5 Kh7 21. hxg6+ Qxg6 22. Qf4 Rg8 23. g3 Qg4 24. Qxg4 Rxg4 25. Rfe1 Nb8 26. Ne5 Rg8 27. Rcd1 Nc6 28. Nxc6 Rxc6 29. Kg2 Kg6 30. Re3 Rgc8 31. Kf3 cxd4 32. Rxd4 Rc4 33. Rd2 b5 34. a3 a5 35. Ree2 b4 36. cxb4 axb4 37. Re3 bxa3 38. bxa3 Ra8 39. Ra2 Raa4 40. Rd3 Kf5 41. Rad2 h5 42. Ra2 d4 43. Ke2 e5 44. f3 Rc1 45. Rb3 Rh1 46. Rd2 Rh2+ 47. Ke1 Rxd2 48. Kxd2 Ke6 49. Kd3 Kd5 50. Rb5+ Kd6 51. Ke4 f5+ 52. Kxf5 d3 53. Rb3 Rd4 54. Rb1 d2 55. Rd1 Kd5 56. a4 Kc4 57. Kxe5 Kc3 58. Kf5 Kc2 59. Rh1 d1Q 60. Rxd1 Kxd1 61. Kg5 Rd5+ 62. Kh4 Ke2 63. g4 hxg4 64. fxg4 Kf3 65. g5 Kf4 66. g6 0-1

[Event "Rheinhausen-ch 10th"]
[Site "Duisburg Rheinhausen"]
[Date "2006.03.03"]
[Round "5.4"]
[White "Bluemer, Timo"]
[Black "Heinert, Eugen"]
[Result "1/2-1/2"]
[WhiteElo "1698"]
[BlackElo "2019"]
[PlyCount "67"]
[EventDate "2006.01.06"]
[EventType "swiss"]
[EventRounds "7"]
[EventCountry "GER"]
[SourceTitle "EXT 2007"]
[Source "ChessBase"]
[SourceDate "2006.11.23"]
[SourceVersion "1"]
[SourceVersionDate "2006.11.23"]
[SourceQuality "1"]

1. e4 e6 2. d4 d5 3. Nc3 Bb4 4. e5 c5 5. a3 cxd4 6. Qxd4 Nc6 7. Bb5 Ba5 8. Nf3 Nge7 9. Bd2 Bd7 10. Qg4 Nf5 11. 0-0 Nxe5 12. Bxd7+ Nxd7 13. Nxd5 h5 14. Qf4 Rc8 15. Nc3 Bc7 16. Qa4 0-0 17. Bg5 Qe8 18. Rad1 Nc5 19. Qxe8 Rfxe8 20. Rfe1 f6 21. Be3 Nxe3 22. Rxe3 Bf4 23. Ree1 Rcd8 24. g3 Bc7 25. b4 Na6 26. Rxd8 Bxd8 27. Rd1 Bb6 28. Na4 Rc8 29. Nxb6 axb6 30. Rd6 Rc6 31. Rxc6 bxc6 32. Nd4 c5 33. Nxe6 cxb4 34. axb4 1/2-1/2

[Event "Rheinhausen-ch 10th"]
[Site "Duisburg Rheinhausen"]
[Date "2006.02.17"]
[Round "4.4"]
[White "Remek, Uwe"]
[Black "Bluemer, Timo"]
[Result "1/2-1/2"]
[WhiteElo "1673"]
[BlackElo "1698"]
[PlyCount "74"]
[EventDate "2006.01.06"]
[EventType "swiss"]
[EventRounds "7"]
[EventCountry "GER"]
[SourceTitle "EXT 2007"]
[Source "ChessBase"]
[SourceDate "2006.11.23"]
[SourceVersion "1"]
[SourceVersionDate "2006.11.23"]
[SourceQuality "1"]

1. d4 Nf6 2. Nf3 e6 3. Bf4 b6 4. e3 Bb7 5. c4 Bb4+ 6. Nc3 Ne4 7. Qc2 d6 8. Bd3 f5 9. a3 Bxc3+ 10. bxc3 Nd7 11. 0-0 0-0 12. Nd2 Nxd2 13. Qxd2 e5 14. Bg3 Qf6 15. f4 e4 16. Be2 Ba6 17. Qc2 Qf7 18. Qa4 Bb7 19. Rab1 Nb8 20. Rfd1 Qe7 21. Bf1 Qd7 22. Qb3 Kh8 23. c5 Bc6 24. Bb5 Bxb5 25. Qxb5 Qxb5 26. Rxb5 a6 27. Rb2 Nd7 28. cxd6 cxd6 29. Bh4 Rfc8 30. Rc1 d5 31. Kf1 Rc4 32. Rb4 Rac8 33. Rxc4 Rxc4 34. Ke2 Kg8 35. Kd2 b5 36. Be7 Kf7 37. Bb4 Ke6 1/2-1/2

[Event "Rheinhausen op"]
[Site "Duisburg"]
[Date "2005.02.11"]
[Round "4"]
[White "Menzel, Josef"]
[Black "Bluemer, Timo"]
[Result "1/2-1/2"]
[WhiteElo "1978"]
[BlackElo "1600"]
[PlyCount "65"]
[EventDate "2005.01.07"]
[EventType "swiss"]
[EventRounds "7"]
[EventCountry "GER"]
[SourceTitle "EXT 2006"]
[Source "ChessBase"]
[SourceDate "2005.11.24"]
[SourceVersion "1"]
[SourceVersionDate "2005.11.24"]
[SourceQuality "1"]

1. d4 Nf6 2. c4 e6 3. Nc3 Bb4 4. Qc2 b6 5. f3 c5 6. dxc5 bxc5 7. a3 Bxc3+ 8. Qxc3 d6 9. e4 Nc6 10. Bd2 a5 11. Be2 e5 12. Bd1 Nd4 13. Ne2 Qc7 14. 0-0 Be6 15. Bg5 Nd7 16. Rc1 0-0 17. Qd2 a4 18. Re1 Nb6 19. Nxd4 cxd4 20. Qb4 f6 21. c5 dxc5 22. Rxc5 Qa7 23. Bd2 Rfc8 24. Rxc8+ Rxc8 25. Qd6 Bf7 26. Be2 Bb3 27. Bb4 Qc7 28. Qxc7 Rxc7 29. Ba5 Rc6 30. Bxb6 Rxb6 31. Rc1 Rb7 32. Kf1 Kf7 33. g4 1/2-1/2